Language Quiz

Random Language Quiz

Castilian ER regular endings Quiz Stats

 Plays Quiz not verified by Sporcle

Challenge
Share
Tweet
Embed
Score 0/85 Timer 15:00
0 Plays Today
% Correct
o
100%
es
100%
e
100%
emos
100%
en
100%
ía
100%
ías
100%
íamos
100%
ía
100%
ían
100%
iste
100%
í
100%
ío
100%
imos
100%
ieron
100%
eré
100%
erás
100%
erá
100%
eremos
100%
erán
100%
as
100%
erías
80%
ería
80%
eríamos
80%
erían
80%
ería
80%
an
80%
amos
80%
a
80%
% Correct
e
80%
a
60%
as
60%
a
60%
amos
60%
an
60%
iese
60%
ieses
60%
iesen
60%
iésemos
60%
iese
60%
iera
40%
ieras
40%
iéramos
40%
ieran
40%
iera
40%
he + ido
20%
has + ido
20%
hemos + ido
20%
han + ido
20%
había+ ido
20%
ha + ido
20%
habías + ido
20%
había + ido
20%
habíamos + ido
20%
habían + ido
20%
hube + ido
20%
hubiste + ido
20%
hubo + ido
20%
% Correct
hubimos + ido
20%
hubieron + ido
20%
habré + ido
20%
habrás + ido
20%
habrá + ido
20%
habremos + ido
20%
habrán + ido
20%
habría + ido
20%
habrías + ido
20%
habría + ido
20%
habríamos + ido
20%
habrían + ido
20%
haya + ido
20%
hayas + ido
20%
haya + ido
20%
hayamos + ido
20%
hayan + ido
20%
hubiera + ido
20%
hubieras + ido
20%
hubiera + ido
20%
hubiéramos + ido
20%
hubieran + ido
20%
hubiese + ido
20%
hubieses + ido
20%
hubiese + ido
20%
hubiésemos + ido
20%
hubiesen + ido
20%

You're not logged in!

Compare scores with friends on all Sporcle quizzes.
OR
Log In

You Might Also Like...

Show Comments

Extras

Created Mar 1, 2013ReportNominate
Tags:ending, regular, verb

Top Quizzes Today


Score Distribution

Your Account Isn't Verified!

In order to create a playlist on Sporcle, you need to verify the email address you used during registration. Go to your Sporcle Settings to finish the process.

Report this User

Report this user for behavior that violates our Community Guidelines.

Details: